000 00492nam a2200169Ia 4500
008 240729s9999 xx 000 0 und d
022 _a2348-0335
245 0 _aJournal of Applied Pharmaceutical Research
260 _aIndia
260 _bCreative Pharma Assent
650 _a Pharmacy and materia medica | Medicine
650 _a Therapeutics. Pharmacology
650 _aMedicine
856 _uhttps://doaj.org/toc/60df571c0dbe4a98a0e08d29bbfbab72
942 _2ddc
942 _cDOAJEJ
999 _c69304
_d69304
945 _a1
_bMadushi Gamage
_c1
_dMadushi Gamage